000 01032nas a2200313 4500
001 BR8001608
003 BR-BrBNA
005 20231205084240.0
007 ta
008 230509b bl.|||p| |||| 00| 00por d
040 _aBR-BrBNA
_bpor
_cBiblioteca Nacional de Agricultura
041 _a(Pt)
072 _aH20
100 1 _aChiacchio, F.P.B.
100 1 _aPassos, O.S.
100 1 _aCunha Sobrinho, A.P. da
100 1 _aCoelho, Y. da S.
245 1 _aEfeitos de fungicidas no controle da verrugose da laranja azeda [Citrus auratium; Doenca de planta; Brasil]
246 1 _a[Effects of fungicides for control of sour orange scab [Citrus auratium; Plant disease; Brazil]]
650 _aDoenca de planta
650 _aLaranja
650 _aFungicida
650 _aVerrugose
650 _aFungo
650 _aControle quimico
773 0 _tPesquisa Agropecuaria Brasileira (Brazil)
_xISSN 0100-204X
_g(Jul 1980), v. 15(3) p. 279-281
_wBR8001608
909 _a202311
_bLúcia
_c55
_dLúcia Elande
942 _2AGRIS
_n0
_cANA
999 _c104020
_d104020